01019nam a2200193 a 4500008004100000020001500041050002100056100001700077245005100094246001700145260003800162300001500200350000900215995015500224995015500379999001700534952013700551952013700688120416s0000 ||||||||||||||||| || u a0748726861 aHF 5549.5.T7 Laf aLaffan, Jane14aThe definitive guide to environmental training aLaffan, jane aCheltenhambStanley Thornesc1996 a84p. : ill a0.00 aMAIN LIBRARY OPEN ACCESSD0.00e028248FCBU-MAIN LIBRARY (Kitwe)H2I7.85jHF 5549.5.T7 LafM1UAVAILABLEy028248ZMain Library Open Access Collection aMAIN LIBRARY OPEN ACCESSD0.00e730822FCBU-MAIN LIBRARY (Kitwe)H1I7.85jHF 5549.5.T7 LafM2UAVAILABLEy027970ZMain Library Open Access Collection c63418d63418 00102lcc4070a001b001cMain Library Open Access Collectiond2022-12-24l0oHF 5549.5.T7 Lafp028248r2022-12-24w2022-12-24y002 00102lcc4070a001b001cMain Library Open Access Collectiond2022-12-24l0oHF 5549.5.T7 Lafp027970r2022-12-24w2022-12-24y002